00922nam a2200181 a 450000100100000000500170001000800410002704000250006808200150009311001210010824500840022926001420031330000270045504900090048295201130049195201190060499900170072300002863720200930055041.0110411s1970 dr a 000 0 spa d aDO-SdBNPbspacBNPHU axxxbR426u1 aRepública Dominicana, Secretaría de Estado de Finanzas.bDirección general de impuestos sobre la Renta.93554914aUna ayuda al contribuyente :bpara la preparción de su declaración jurada/. a[Santo Domingo], :bRepública Dominicana, Secretaría de Estado de Finanzas.bDirección general de impuestos sobre la Renta.,c1970. a52 p. :bil. ;c14 cm. aBNPD 0010718PDaPDbPDcCTd2011-04-11iLF1l0oxxx R426up28637-10r2020-06-25w2020-06-25yLFPDZNo se presta 0010718PDaPDbPDcCTd2011-05-06iLF1l0oxxx R426up28637-20r2020-06-25te. 2w2020-06-25yLFPDZNo se presta c28129d28129